00461 a2200121 4500020001500000040001300015100001900028245019400047250001100241260004400252300001900296650002400315 a0470010800 aDLCbDLC1 aHarrison, Paul10aQuantum wells, wires and dots : theoretical and computational physics of semiconductor nanostructures btheoretical and computational physics of semiconductor nanostructures cPaul Harrison a2. ed. aChichester :bWiley-Interscience,c2005 a482 s. :bill. 7aQuantum electronics